000
00315nam a2200121Ia 4500
008
220204s9999 xx 000 0 und d
082
_a
575.8
_b
EVO.2
245
0
_a
Evolutionary biology. V 2
260
_a
New York
_b
Meredith
_c
1968
650
_a
Evolutionary biology
700
_a
DOBZHANSKY, Theodosius
942
_c
BK
999
_c
34424
_d
34424